Loading...
| Fine Arts - Auditory Fine Arts | 4 | 7.50 | 50% | 25% | 0% |
| Fine Arts - Other Fine Arts | 6 | 5.00 | 33% | 17% | 0% |
| Fine Arts - Visual Fine Arts | 2 | 15.00 | 100% | 50% | 0% |
| Geography | 1 | 10.00 | 100% | 0% | 0% |
| History - American History | 2 | 10.00 | 100% | 0% | 0% |
| History - European History | 4 | 12.50 | 100% | 25% | 0% |
| History - Other History | 4 | 2.50 | 25% | 0% | 0% |
| History - World History | 4 | 5.00 | 50% | 0% | 0% |
| Literature - American Literature | 2 | 10.00 | 100% | 0% | 0% |
| Literature - British Literature | 5 | 8.00 | 80% | 0% | 0% |
| Literature - European Literature | 4 | 15.00 | 100% | 50% | 0% |
| Literature - World Literature | 1 | 10.00 | 100% | 0% | 0% |
| Mythology | 5 | 10.00 | 100% | 0% | 0% |
| Other Academic | 1 | 10.00 | 100% | 0% | 0% |
| Philosophy | 3 | 6.67 | 67% | 0% | 0% |
| Pop Culture | 1 | 10.00 | 100% | 0% | 0% |
| Religion | 5 | 12.00 | 80% | 40% | 0% |
| Science - Biology | 4 | 10.00 | 100% | 0% | 0% |
| Science - Chemistry | 4 | 2.50 | 25% | 0% | 0% |
| Science - Other Science | 3 | 23.33 | 100% | 67% | 67% |
| Science - Physics | 2 | 5.00 | 50% | 0% | 0% |
| Social Science | 6 | 18.33 | 117% | 0% | 67% |